000
00308 a2200157 4500
001
65370
020
_a
8573590807
040
_c
Anchieta - Pituba
100
_a
Gambini, Roberto
240
1
0
_a
Outros 500
_l
245
1
0
_a
Outros 500
300
_a
228
362
0
_a
1999
650
4
_a
Brasil
942
_c
BK
999
_c
65370
_d
65370